[Event "Charlotte Holiday IM 2020"]
[Site "Charlotte"]
[Date "2020.12.30"]
[Round "7.3"]
[White "Velikanov, Alexander"]
[Black "Liang, Jason"]
[Result "1-0"]
[WhiteElo "2308"]
[BlackElo "2317"]
[Annotator "TA"]
[PlyCount "131"]
[EventDate "2020.12.26"]
[EventType "tourn"]
[EventCountry "USA"]
[SourceTitle "playchess.com"]
[Source "ChessBase"]
[SourceQuality "1"]

{[%evp 9,131,24,23,32,48,0,34,-19,73,68,78,77,111,106,101,54,93,83,93,93,105,75,91,88,101,12,28,22,47,22,35,31,34,16,6,15,11,9,57,38,52,30,43,47,72,36,42,12,106,103,106,109,154,54,181,179,177,195,183,164,209,185,206,114,180,76,61,60,130,127,264,263,255,269,315,325,310,300,209,236,193,210,29979,29980,29972,566,1085,1094,706,670,576,560,1333,1140,1522,1498,29972,29974,29973,29974,29970,29972,29979,29980,29981,29982,29982,29983,29983,29984,29984,29985,29985,29985,29985,29983,29987,29982,29988,29983,29987,29988,29988,29987]} 1. Nf3 c5 2. g3 Nf6 3. Bg2 d5 4. O-O g6 5. c4 d4 6. b4 {A08: King's Indian Attack.} Bg7 7. d3 O-O 8. Nbd2 (8. bxc5 $14 Nc6 9. Nbd2) 8... Nc6 (8... cxb4 $11 {remains equal.} 9. a3 bxa3) 9. bxc5 $16 Nd7 10. Nb3 $1 {[#]} h6 $146 ({Predecessor:} 10... e5 11. Rb1 Nb4 12. Ba3 Nxa2 13. c6 bxc6 14. Bxf8 Nxf8 15. Qc2 Nc3 16. Ra1 Qb6 {0-1 (34) Jovanovic,V (2153)-Kostic,M (2158) Dimitrovgrad 2003}) 11. Bb2 e5 12. Nfd2 f5 13. f4 Qe7 14. Kh1 Re8 15. Bd5+ Kh7 16. Nf3 a5 {next ...a4 is good for Black.} 17. Bxc6 (17. a4 $1 $16) 17... bxc6 $11 18. fxe5 a4 19. Nbxd4 {With the idea e6.} Nxe5 20. Rb1 Qxc5 21. Nxe5 Bxe5 22. Nf3 Bxb2 23. Rxb2 Qe7 24. Rf2 c5 25. Qb1 $36 {[%mdl 2048] White has the initiative.} Ra7 26. Kg1 Rb7 27. Rb6 Qc7 28. Qb5 {Strongly threatening Rxb7.} Re6 (28... Qxb6 $11 29. Qxe8 Qe6 30. Qxe6 (30. Qxa4 Rb1+ 31. Kg2 f4 $11) 30... Bxe6) 29. Rxb7 $16 Bxb7 30. Qxa4 Qe7 31. Qb5 (31. Qc2 $16) 31... Qc7 (31... Bxf3 $14 32. exf3 Re1+ 33. Kg2 Re2) 32. a4 $18 Ba6 33. Qb2 Bb7 34. Rf1 Bc6 35. Kf2 f4 36. Rb1 (36. gxf4 $1 $18 Qxf4 37. e4) 36... g5 {[#]} (36... fxg3+ $16 37. hxg3 Qf7) 37. d4 (37. g4 $1 $18) 37... cxd4 $16 38. Qxd4 fxg3+ {White now steadily converts the win.} (38... Qe7 $14 39. Kf1 g4) 39. hxg3 Qf7 (39... Qe7 $16 {was called for.} 40. Rb2 Rd6) 40. Rb8 $18 {Qh8+ is the strong threat.} Rf6 {Black wants to play ...g4.} 41. Ke1 {aiming for Ne5.} Bxf3 42. exf3 Rxf3 {[%mdl 4096] Endgame intending ...Qe7+. KQR-KQR} 43. Qe4+ Kg7 {And now ...Rf1+ would win.} 44. Ke2 Rf2+ {[#]} 45. Ke3 $1 {Hoping for Rb7.} Qf6 $2 (45... Qa7+ $18 46. Qd4+ Qxd4+ 47. Kxd4 h5) 46. Rb7+ Kf8 47. c5 (47. Qd5 $142 h5 48. Qc5+ Kg8 49. Qc8+ Qf8 50. Qe6+ Kh8 51. Qe5+ {[%mdl 64] Double Attack} Rf6 52. Rb6) 47... Rf1 48. Rb8+ Kg7 49. Qb7+ Kg6 {( -> ...Qc3+)} 50. Qb6 {Black must now prevent Qxf6+.} Re1+ 51. Kd2 Re4 52. a5 Rd4+ 53. Ke3 {White mates.} Ra4 54. Qxf6+ Kxf6 {KR-KR} 55. c6 Rc4 56. a6 Rc3+ 57. Kd4 Rxc6 58. a7 Ra6 59. a8=Q Rxa8 60. Rxa8 {KR-KPP} Kf5 61. Ke3 Kg4 62. Kf2 h5 63. Kg2 h4 64. Ra4+ Kh5 65. gxh4 gxh4 66. Kh3 {Weighted Error Value: White=0.25/Black=0.44} 1-0

[Event "Charlotte Holiday IM 2020"]
[Site "Charlotte"]
[Date "2020.12.30"]
[Round "7.4"]
[White "Li, Eric"]
[Black "Vivekananthan, Anish"]
[Result "0-1"]
[WhiteElo "2311"]
[BlackElo "2305"]
[Annotator "TA"]
[PlyCount "80"]
[EventDate "2020.12.26"]
[EventType "tourn"]
[EventCountry "USA"]
[SourceTitle "playchess.com"]
[Source "ChessBase"]
[SourceQuality "1"]

{[%evp 9,80,43,38,20,36,38,39,24,30,20,5,-79,20,17,25,0,0,0,0,0,6,0,0,0,0,0,0,0,14,0,0,0,0,0,0,0,0,-12,-13,-25,-11,-29,-18,-21,-20,-42,-53,-462,-461,-624,-612,-617,-602,-598,-442,-431,-424,-408,-366,-372,-358,-364,-362,-29988,-29989,-29989,-29990,-29992,-29993,-29993,-29994,-29994,-29995]} 1. d4 g6 2. c4 Bg7 3. Nc3 d6 4. e4 e5 5. d5 a5 6. h4 {A42: Modern Defence: Averbakh Variation.} h5 7. g3 Nd7 8. Bh3 {White is slightly better.} Bh6 9. Nge2 Nc5 {[#]} 10. Kf1 $146 (10. Bxc8 $11 Qxc8 11. f3) ({Predecessor:} 10. Bxc8 Qxc8 11. Bxh6 Nxh6 12. Qd2 Kf8 13. O-O-O Kg7 14. f3 Qd7 15. Rdg1 Raf8 16. g4 hxg4 {½-½ (46) Haba,P (2445)-Hertneck,G (2570) Werfen 1995}) 10... Kf8 ({Black should try} 10... Bxh3+ $17 11. Rxh3 Qd7) 11. Kg2 Kg7 12. b3 Bxc1 13. Nxc1 Nh6 14. Bxc8 Qxc8 15. Nd3 b6 16. Qd2 Rf8 17. Rhf1 Qd7 18. Rae1 Kh7 19. Nd1 f5 20. Nxc5 bxc5 21. f4 exf4 22. Rxf4 a4 23. b4 cxb4 24. Qxb4 Rab8 25. Qd2 Rfe8 26. Nf2 Qg7 27. Re2 a3 {[#] Hoping for ...Rb2.} 28. Rf3 $2 {[%mdl 8192] This costs White the game.} (28. Nd3 $1 $15) 28... Rb2 $19 29. Qd1 fxe4 30. Rxa3 Nf5 31. Nh3 e3 32. Ng5+ Kg8 33. Nf3 Reb8 {...Rxe2+ is the strong threat.} 34. Rb3 R8xb3 35. axb3 Qc3 36. Nh2 $2 {[#]} (36. Kh2 $19) 36... Rxe2+ {Black mates.} 37. Qxe2 Qd2 38. Kf3 Nd4+ {[%mdl 64] Double Attack} 39. Ke4 Nxe2 40. Nf3 Nxg3+ {Weighted Error Value: White=0.59/Black=0.11} 0-1

[Event "Charlotte Holiday IM 2020"]
[Site "Charlotte"]
[Date "2020.12.30"]
[Round "7.5"]
[White "Vijay, Keerthi K."]
[Black "Chasin, Nico"]
[Result "1/2-1/2"]
[WhiteElo "2242"]
[BlackElo "2303"]
[Annotator "TA"]
[PlyCount "100"]
[EventDate "2020.12.26"]
[EventType "tourn"]
[EventCountry "USA"]
[SourceTitle "playchess.com"]
[Source "ChessBase"]
[SourceQuality "1"]

{[%evp 9,100,-24,-8,-14,0,0,0,0,0,-20,-12,-14,0,-28,-13,-28,-24,-13,25,14,22,16,24,7,44,44,44,42,53,24,26,13,16,17,27,24,36,-22,-12,-12,75,85,120,110,197,200,199,198,196,191,195,195,191,181,317,239,244,89,112,89,118,52,89,95,83,18,60,0,0,0,0,0,0,0,0,-8,0,0,0,0,0,0,0,0,0,0,0,0,0,0,0,0,0]} 1. d4 Nf6 2. Nc3 e6 3. Nf3 a6 4. g3 b5 {[#]} 5. Bg2 $146 ({Predecessor:} 5. e4 b4 6. e5 bxc3 7. exf6 cxb2 8. fxg7 Bxg7 9. Bxb2 c5 10. Bg2 Nc6 11. O-O Rb8 {1-0 (51) Rajlich,I (2389)-Szczepkowska,K (2403) Poznan 2016}) 5... Bb7 6. O-O {A46: 1 d4 Nf6 2 Nf3 e6: Torre, London and Colle Systems.} c5 7. Bg5 cxd4 8. Nxd4 Bxg2 9. Kxg2 Be7 10. Qd3 Qc8 11. Qf3 Ra7 12. Rfd1 O-O 13. Ne4 Qb7 14. Bxf6 gxf6 15. g4 Kh8 16. Kf1 Rg8 17. a4 bxa4 18. Rxa4 Rg6 19. b3 d5 20. Ng3 $36 {[%mdl 2048] White is more active.} Nd7 {[%cal Bb8d7,Bd7c5,Bc5e4][%mdl 32]} 21. h3 $1 Bd6 22. Nh5 Nc5 23. Ra2 (23. Raa1 $1 $14) 23... Ne4 $11 24. c4 Be5 (24... Ra8 $11 {keeps the balance.}) 25. Rc2 $1 $16 Ra8 26. cxd5 $1 Qxd5 {[#]} (26... Ng5 $16 {might work better.} 27. Qg2 exd5) 27. Rd3 $1 $18 Bxd4 28. Nf4 $1 {[%csl LRd5,LRg6]} Qe5 29. Nxg6+ hxg6 30. Rc4 Rd8 {Hoping for ...f5.} 31. e3 Rb8 (31... Kg7 {is a better defense.}) 32. exd4 ({Not} 32. Rcxd4 Nc5 $18) 32... Qd5 {[#] Strongly threatening ...Nd2+!} 33. Kg1 $2 (33. Qf4 $1 $18 {[%cal Rf4b8]} e5 34. Qe3) 33... Kg7 $16 34. Rc7 Rd8 35. Re3 (35. Rc1 $16) 35... f5 36. gxf5 exf5 37. Re7 (37. Rd3 $16) 37... Rc8 38. Kg2 ({White should try} 38. Qf4 $1 $14) 38... Rc2 $1 $11 {[%cal Rc2f2] The position is equal.} 39. R7xe4 fxe4 40. Rxe4 {[%mdl 4096] Endgame KQR-KQR} Rb2 41. Rf4 Qxb3 42. Qe4 Qb5 43. d5 {White threatens Qe5+ and mate.} Rb1 {White must now prevent ...Qf1+.} 44. Qc4 (44. Qe5+ {seems wilder.} Kg8 45. Kg3 Qc5 46. Rh4 Rg1+ 47. Kf3) 44... Qxc4 45. Rxc4 {KR-KR} Kf8 46. Rc6 a5 47. Ra6 Rb5 48. d6 {And now Ra8+ would win.} Ke8 49. Ra7 Rd5 50. Kf3 Rxd6 {Blacks defense is rewarded with a draw.  Weighted Error Value: White=0.15/Black=0.15} 1/2-1/2

[Event "Charlotte Holiday IM 2020"]
[Site "Charlotte"]
[Date "2020.12.30"]
[Round "8.2"]
[White "Vivekananthan, Anish"]
[Black "Chasin, Nico"]
[Result "1-0"]
[WhiteElo "2305"]
[BlackElo "2303"]
[Annotator "TA"]
[PlyCount "107"]
[EventDate "2020.12.26"]
[EventType "tourn"]
[EventCountry "USA"]
[SourceTitle "playchess.com"]
[Source "ChessBase"]
[SourceQuality "1"]

{[%evp 9,107,0,18,11,26,22,26,13,23,0,25,31,31,22,31,31,23,31,28,23,37,40,37,28,29,30,22,31,54,36,99,89,87,73,74,73,89,83,113,85,79,87,207,105,279,258,260,261,255,231,411,411,362,373,414,396,412,416,389,386,353,246,267,254,265,0,0,0,0,0,0,0,0,0,0,0,0,0,0,0,2196,1708,5702,5627,5551,5489,1541,4797,5601,1565,4909,3287,29982,29983,29982,29983,29983,29984,29989,29990]} 1. d4 Nf6 2. c4 e6 3. Nc3 Bb4 4. Bd2 O-O 5. e3 d6 6. Bd3 {E46: Nimzo-Indian: Rubinstein: 4 e3 0-0 5 Ne2 without early Bd3.} c5 7. a3 Ba5 8. Nge2 {White has an edge.} Nc6 9. O-O h6 10. Qc2 {[#]} cxd4 $146 ({Predecessor:} 10... Bb6 11. dxc5 dxc5 12. f4 Re8 13. Rad1 Bd7 14. Ng3 Qe7 15. Nce4 Nxe4 16. Bxe4 f5 {½-½ (27) Reilly,T (2238)-Rasmussen,A (2526) Auckland 2015}) 11. Nxd4 Ne5 12. Be2 Bd7 13. b4 Bb6 14. Ne4 Nxe4 15. Qxe4 f5 16. Qc2 Qe7 17. Rac1 Rac8 18. Qb2 g5 19. Kh1 f4 (19... a6 $14) 20. exf4 $16 gxf4 21. f3 Ng6 22. Nb3 Nh4 23. c5 $1 {[%cal Rc5b6]} Bc7 24. cxd6 Bxd6 25. Nc5 Nf5 (25... Bxc5 $16 26. bxc5 (26. Rxc5 Rxc5 27. bxc5 Qg7 $16) 26... Qg7 27. Qxg7+ Kxg7) 26. Ne4 ({Don't blunder} 26. Nxb7 $2 Ng3+ 27. Kg1 (27. hxg3 $2 fxg3 28. Qd4 {[%mdl 64] Double Attack} Rf4 $19) 27... Nxe2+ $19) (26. Rfe1 $1 $18) 26... Bc7 $2 {[#]} (26... e5 $16 {keeps fighting.}) 27. Rxc7 $1 $18 {[%mdl 576] Remove Defender} Rxc7 28. Bxf4 Rcc8 29. g4 Nh4 (29... Nd4 {might work better.}) 30. Bxh6 Ng6 {[%cal Bh4g6,Bg6f4,Bf4h3][%mdl 32]} 31. Bxf8 Rxf8 32. g5 {Nf6+ is the strong threat.} e5 33. Nf6+ Kg7 34. Bd3 Nf4 35. Be4 Bh3 36. Rg1 Rd8 37. Qf2 $2 ({Better is} 37. Qc2 $18) 37... Bg2+ $1 $11 38. Rxg2 Rd1+ 39. Rg1 Nh3 $1 {[%csl LRf2,LRg1,LRg5][%mdl 64] Double Attack} 40. Qxa7 Rxg1+ 41. Qxg1 Nxg1 42. Kxg1 Qd8 {White must now prevent ...Qd1+.} 43. h4 Qd2 {aiming for ...Qe1+.} 44. Nh5+ ({Don't play} 44. Bxb7 Qe1+ 45. Kg2 Qxh4 $17) 44... Kf8 $2 {[%mdl 8192] [#]} (44... Kf7 $11) 45. g6 $1 $18 {[%cal Rg6g7]} Qe1+ 46. Kg2 Qe2+ 47. Kg3 Ke7 48. g7 Qf1 49. Kg4 (49. Bd5 $142 Qg1+ 50. Kh3 Qh1+ 51. Kg4 Qg1+ 52. Kf5 Qb1+ 53. Kg5 Qg1+ 54. Kh6 Qe3+ 55. f4 Qb6+ 56. Kh7) 49... Qg2+ 50. Kf5 Qh3+ 51. Kg6 {White mates.} Qe6+ 52. Kh7 Qf7 53. Bg6 Qxf3 54. g8=Q {Weighted Error Value: White=0.14/Black=0.35} 1-0

[Event "Charlotte Holiday IM 2020"]
[Site "Charlotte"]
[Date "2020.12.30"]
[Round "8.3"]
[White "Liang, Jason"]
[Black "Martin Del Campo C., Roberto"]
[Result "1-0"]
[WhiteElo "2317"]
[BlackElo "2313"]
[Annotator "TA"]
[PlyCount "169"]
[EventDate "2020.12.26"]
[EventType "tourn"]
[EventCountry "USA"]
[SourceTitle "playchess.com"]
[Source "ChessBase"]
[SourceQuality "1"]

{[%evp 16,169,41,41,50,31,45,26,18,0,0,0,0,0,0,0,0,0,0,0,0,-45,62,66,72,78,104,102,127,31,24,-7,-12,-93,-54,-66,-56,-49,-63,-52,61,67,67,34,41,48,69,67,69,0,0,0,0,-16,0,0,0,-20,-10,-29,0,0,0,0,83,85,139,138,154,0,0,0,0,0,0,0,0,0,0,0,0,0,0,0,0,0,0,0,0,0,0,0,0,0,0,0,9880,1735,12834,12835,12831,7843,12838,12839,12838,12839,12844,12844,12845,12846,12846,12847,12847,12847,12848,12848,12850,12849,12850,12850,27998,27998,27998,27998,27995,27998,27999,27998,27999,27999,27996,27996,27997,27997,27998,27998,27999,27999,27997,27997,27998,27998,27999,27999,27994,27994,27998,27995,27996,27996,27997,27996,27997,27996,27997,27997]} 1. e4 c5 2. Nc3 e6 3. Nf3 Nc6 4. d4 cxd4 5. Nxd4 Qb6 6. Nb3 Nf6 7. Bd3 a6 8. O-O Qc7 9. f4 d6 {B33: Sicilian: Pelikan and Sveshnikov Variations.} 10. Qf3 Be7 11. Bd2 b5 {White has an edge.} 12. e5 dxe5 13. fxe5 {And now Rae1 would win.} Qa7+ 14. Be3 $1 {[%cal Re3a7]} Nxe5 15. Qg3 {[%mdl 64] Double Attack} Qb8 16. Bf4 $1 $36 {[%cal Rf4e5][%mdl 2048] White is pushing.} (16. Qxg7 $2 Rg8 $19) 16... Qa7+ 17. Be3 Qb8 18. Be4 {[#]} (18. Qxg7 $2 Rg8 $19) (18. Bf4 $5 {[%cal Rf4e5]} Qa7+ 19. Be3 $11) 18... Ng6 $146 (18... Nc4 $15 19. Bxa8 (19. Qxg7 Rg8 $17) 19... Qxg3 20. hxg3 Nxe3 21. Bc6+ Bd7 22. Bxd7+ Kxd7) ({Predecessor:} 18... Neg4 19. Bxa8 Qxg3 20. Bc6+ Kf8 21. hxg3 Nxe3 22. Rf2 Bd6 23. a4 b4 24. Ne4 Nxe4 25. Bxe4 f5 26. Bd3 Ng4 27. Re2 Kf7 {0-1 (30) Ostojic,P-Flesch,J Belgrade 1965}) 19. Bxa8 $14 Qxa8 20. Bc5 b4 21. Bxe7 Nxe7 {[%cal Bg6e7,Be7f5,Bf5e3][%mdl 32]} 22. Ne2 (22. Qxg7 $2 Rg8 $19) ({White should play} 22. Na4 $1 $16) 22... Nf5 23. Qe5 {Black must now prevent Rxf5.} O-O (23... Ng4 $2 24. Qc5 $18) 24. Nbd4 (24. h3 $11 {remains equal.}) 24... Ng4 {[%mdl 1024] Black has strong compensation.} 25. Qc5 {[%cal Rd4f5]} Nfe3 {[%csl Ge3,LRf1,LRg2][%cal Ra8g2][%mdl 64] Double Attack} 26. Rf3 $1 Bb7 27. Rg3 {White wants to play h3.} e5 {[#]} (27... Rc8 $15 28. Qh5 (28. Qg5 h6 $15) 28... e5 29. Rxg4 Nxg4 30. Qxg4 exd4 31. Nxd4 g6) 28. Nf5 $1 {[%cal Rf5e3]} Nxf5 29. Rxg4 f6 30. Qf2 ({Much weaker is} 30. Qxb4 h5 $15) 30... Be4 {next ...h5 is good for Black.} 31. Ng3 Nxg3 32. Qxg3 (32. Rxg3 $14 Qc6 33. a3) 32... Qb7 $11 33. Qb3+ Kh8 34. a3 Qa7+ (34... Qb6+ {looks sharper.} 35. Kh1 f5 36. Rf1 Rd8 37. Rxe4 fxe4 38. Qxb4 Qxb4 39. axb4 g6) 35. Kh1 f5 36. Rg5 (36. Rg3 {keeps more tension.} Qa8 37. Qxb4 f4 38. Rg4 Bf5 39. Rh4) 36... h6 37. Rg6 ({Don't go for} 37. Qxb4 $2 Rb8 $19) 37... f4 38. Qxb4 Qa8 39. Rxa6 Qxa6 (39... Bxg2+ $11 40. Kg1 Qc8 41. Kxg2 Qg4+ 42. Kh1 Qf3+ 43. Kg1 Qg4+ 44. Kf2 Qh4+ 45. Kg2 Qg4+ 46. Kh1 Qf3+ 47. Kg1 Qg4+ 48. Kf2 Qh4+ 49. Kg2 Qg4+) 40. Qxe4 {[%mdl 4096] Endgame KQR-KQR} ({Of course not} 40. Qxf8+ $6 Kh7 $11) 40... Rd8 (40... Qd6 $142) 41. h3 Qb5 42. Re1 $2 ({Better is} 42. b4 $16) 42... Qxb2 43. Qxe5 Qxe5 44. Rxe5 {KR-KR} Rd1+ 45. Kh2 Rd2 46. Rf5 g5 47. c4 Ra2 48. h4 Kg7 49. hxg5 hxg5 50. Rxg5+ Kf6 51. Rg8 (51. Ra5 {seems wilder.} f3 52. Kg1 Ra1+ 53. Kf2 fxg2 54. Kxg2) 51... Ke5 52. Re8+ Kd4 53. Rf8 Ke5 54. Re8+ Kd4 55. Rd8+ Ke5 $2 {[%mdl 8192] [#] Black is now going downhill.} (55... Kxc4 $11 56. Rf8 Rxa3) 56. Rd3 $1 $18 Rc2 57. a4 Ra2 58. c5 Rxa4 {[#]} 59. Rc3 $1 Ra7 60. c6 Kd6 61. Kh3 Kc7 62. Kg4 Ra2 63. Kf3 Ra4 64. Rc2 Rb4 65. Kg4 Ra4 66. Kf5 Rb4 67. Rf2 Kxc6 68. Rxf4 {White mates.} Rb2 69. g4 Kd7 70. Re4 Rb5+ 71. Kg6 Rb6+ 72. Kh5 Rb8 73. g5 Rh8+ 74. Kg6 Rg8+ 75. Kf6 Rf8+ 76. Kg7 Rf1 77. g6 Rg1 78. Kf7 Rf1+ 79. Kg8 Rf2 80. g7 Rf1 81. Kh7 Rh1+ 82. Kg6 Rg1+ 83. Kf6 Kd6 84. Rd4+ Kc7 85. Rd5 {Weighted Error Value: White=0.14/Black=0.16} 1-0

[Event "Charlotte Holiday IM 2020"]
[Site "Charlotte"]
[Date "2020.12.30"]
[Round "8.4"]
[White "Tsay, Vincent"]
[Black "Velikanov, Alexander"]
[Result "1/2-1/2"]
[WhiteElo "2266"]
[BlackElo "2308"]
[Annotator "TA"]
[PlyCount "159"]
[EventDate "2020.12.26"]
[EventType "tourn"]
[EventCountry "USA"]
[SourceTitle "playchess.com"]
[Source "ChessBase"]
[SourceQuality "1"]

{[%evp 9,158,-4,8,-8,0,-22,-4,-63,-79,-66,-55,-96,-105,-91,-66,-107,-74,-77,-41,-116,-146,-141,-133,-140,-130,-193,-153,-174,-62,-97,-58,-63,-22,-7,0,0,0,0,0,0,47,0,0,0,0,0,0,-10,0,-558,-543,-543,-536,-523,-500,-536,-520,-826,-650,-982,-975,-949,-954,-891,170,0,0,0,0,0,0,0,19,0,0,0,0,0,0,0,0,0,0,0,0,0,0,0,108,110,642,249,249,249,249,249,242,209,209,202,194,190,175,175,168,168,168,161,161,154,212,124,119,0,0,0,497,504,497,168,252,0,0,0,0,0,0,0,0,0,0,0,0,0,0,0,0,0,0,0,0,0,0,0,0,0,0,0,0,0,0]} 1. d4 Nf6 2. Nf3 c5 3. c3 e6 4. Bf4 d5 5. e3 Bd6 6. Bg3 {D02: 1 d4 d5 2 Nf3 sidelines, including 2...Nf6 3 g3 and 2...Nf6 3 Bf4.} Qc7 7. Ne5 Ne4 8. f4 (8. Bb5+ $11 Nc6 9. Nxc6 bxc6 10. Bxd6 Nxd6 11. Be2) 8... cxd4 $15 9. exd4 O-O {[#]} 10. Be2 $146 ({Predecessor:} 10. Nd2 f6 11. Nd3 Bd7 12. Be2 Bc6 13. O-O Nd7 14. Bf3 Rae8 15. Re1 Nxg3 16. hxg3 {½-½ (80) Mueller,M (2147)-Lutz,A (2027) Baden 2020}) 10... f6 11. Nd3 Nc6 12. O-O Bd7 13. Bf3 Ne7 14. Re1 ({Better is} 14. Nd2 $15) 14... Nxg3 $17 15. hxg3 Nf5 16. Kf2 g5 {[%cal Rg5f4]} 17. Qd2 (17. Bg4 $17) 17... Rae8 18. a4 b5 (18... Kh8 $19 19. Na3 Bxa4) 19. axb5 $1 $15 Bxb5 (19... Re7 {feels hotter.} 20. Na3 Rg7 21. Rac1 gxf4 22. gxf4 Kh8) 20. Na3 Bxd3 21. Qxd3 Bxa3 22. Rxa3 gxf4 23. gxf4 Qxf4 24. Rxa7 Qb8 25. Ra2 Qg3+ 26. Kf1 Qh4 $36 {[%mdl 2048] Black fights for an advantage.} 27. Ra6 Ng3+ 28. Kg1 $1 f5 29. Rexe6 $2 {[%mdl 8192]} (29. Qe3 $11) 29... Qh1+ $19 30. Kf2 Ne4+ 31. Ke2 {[%cal Rf3e4]} Rxe6 ({Worse is} 31... Qc1 32. Bxe4 Rxe6 33. Rxe6 $11) 32. Rxe6 {[%cal Rf3e4]} Rb8 $1 {[%cal Rb8b2]} 33. b4 (33. Qc2 $142 Qg1 34. Bxe4 fxe4 35. Rf6) 33... Ra8 $1 {[%cal Ra8a2] ( -> ...Ra2+)} 34. Ra6 Re8 35. Bxe4 Rxe4+ {[%mdl 4096] Endgame KQR-KQR} 36. Kd2 Qe1+ $2 (36... Qxg2+ $19 37. Kd1 Qf2 38. Ra8+ Kf7 39. Ra7+ Kf6 40. Ra6+ Ke7 41. Ra7+ Kd8 42. Ra8+ Kc7 43. Ra7+ Kb8) 37. Kc2 $11 Re3 $1 {[%cal Re3d3]} 38. Ra8+ Kg7 39. Ra7+ Kf6 (39... Kg8 $5 40. Ra8+ $8 (40. Qxf5 $2 {is a self mate.} Qxc3+ {[%mdl 64] Double Attack} 41. Kb1 Re1+ 42. Ka2 Ra1#) 40... Kg7 41. Ra7+ Kg8 42. Ra8+ $11 (42. Qxf5 $2 Qxc3+ {[%mdl 64] Double Attack} 43. Kb1 Re1+ 44. Ka2 Ra1#)) 40. Ra6+ Kg5 (40... Ke7 {is interesting.} 41. Ra7+ Kd8 42. Ra8+ Kc7 43. Ra7+ Kb8) 41. Qd2 Qxd2+ 42. Kxd2 {KR-KR} Rg3 43. Rd6 (43. Ra7 {looks sharper.} Rxg2+ 44. Kd3 Rh2 45. Rg7+ Kf4 46. Rg1) 43... Rxg2+ 44. Kd3 h5 45. Rxd5 h4 46. Rd8 h3 $1 {Hoping for ...f4.} 47. Rh8 Kg4 48. d5 Ra2 (48... h2 $1 $11 49. d6 Rg3+ 50. Kc4 Rh3 51. Rxh3 Kxh3) 49. b5 $16 {d6 is the strong threat.} Rb2 $2 {[%mdl 8192]} (49... Kg3 $16) 50. c4 $2 (50. d6 Rxb5 51. c4) 50... h2 $18 {And now ...Rb3+ would win.} 51. Kc3 Re2 52. d6 Re3+ 53. Kb4 Rh3 54. Rxh3 Kxh3 {K3P-KPP} 55. d7 h1=Q {Strongly threatening ...Qd1.} 56. d8=Q {aiming for Qh8+. KQ-KQ} Qb1+ 57. Kc5 f4 58. Qh8+ Kg3 59. Qg7+ Kf2 {[#]} (59... Kh3 $16 {might work better.}) 60. b6 (60. Kb6 $1 $18) 60... Qf5+ $16 61. Kc6 (61. Kd4 $16 Qa5 62. Qg6) 61... Qe4+ $1 $11 62. Kd6 (62. Kb5 {with more complications.} Qb1+ 63. Ka5 Qa2+ 64. Kb4 Qb1+ 65. Ka5) 62... Qxc4 $2 {[%mdl 8192]} (62... Qd3+ $11 {and Black is okay.} 63. Kc5 Qf5+ 64. Kd4 Qa5) 63. Qb2+ $18 Qe2 64. Qd4+ $2 (64. Qxe2+ Kxe2 65. b7) 64... Qe3 {[#]} 65. Kd5 $2 (65. Qc5 $1 $18 {Black must now prevent b7.} Kg2 66. b7) 65... Qxd4+ $11 {The position is equal.} 66. Kxd4 {Intending b7 and mate. KP-KP} f3 67. b7 Kg2 68. b8=Q f2 69. Qg8+ (69. Qb1 {keeps more tension.} f1=Q 70. Qg6+ Kf2 71. Qc2+ Kg1 72. Qg6+) 69... Kh1 70. Qd5+ (70. Qc4 {with more complications.} Kg2 71. Kc5 f1=Q 72. Qg4+ Kh2 73. Qh4+) 70... Kg1 71. Qg5+ (71. Ke5 {seems wilder.} f1=Q 72. Qd4+ Kh1 73. Qe4+ Qg2 74. Qe1+) 71... Kh1 72. Qh4+ (72. Qb5 {is more complex.} Kg1 73. Qc4 f1=Q 74. Qg8+ Qg2 75. Qb3) 72... Kg1 73. Qg3+ Kh1 74. Qh3+ (74. Kd5 {looks sharper.} f1=Q 75. Qh4+ Kg1 76. Qd4+ Qf2 77. Qd1+) 74... Kg1 75. Qe3 {White threatens Kd3 and mate.} (75. Kc3 {feels hotter.} f1=Q 76. Qe3+ Kh1 77. Qe4+ Kg1 78. Kb3) 75... Kg2 76. Qe2 {Threatening mate with Ke3.} Kg1 77. Qg4+ Kh1 78. Qf3+ Kg1 79. Qg3+ Kh1 80. Qxf2 {What a fight!  Weighted Error Value: White=0.51/Black=0.30} 1/2-1/2